000 00253nam a22000977a 4500
008 230714b |||||||| |||| 00| 0 eng d
020 _a9781421585659
100 _aGAUBATZ JAMES
_97696
245 _aONE PUNCH MAN-2
260 _aSAN FRANCISCO
_b2022
_cVIZ MEDIA
999 _c12367
_d12367